000
00304nam a2200121Ia 4500
008
240624s9999 xx 000 0 und d
041
_a
eng
082
_a
658 SAE
100
_a
SAEED KHAWAJA AMJAD
245
_a
MANAGEMENT CASES
260
_c
2000
_a
New Delhi
_b
Excel Books
300
_a
xvii, : 264 : p. : cm. ; 24
999
_c
34
_d
34